• 首页
  • 本馆介绍
  • 公告通知
  • 最新文献
  • 馆藏检索
  • 电子资源
  • 读者导购
  • 参考咨询
  • 我的图书馆
  • 登录
  • 详细信息显示
  • 放入我的书架
  • 预约/预借图书
  • 作者相关作品
  • 分类相关作品
  • 丛书相关作品
  • 出版社相关作品

书目信息

  • 表格格式
  • 工作单格式
  • 卡片格式
题名:
突破与创新
    
 
作者: 柳思思 著
分册:  
出版信息: 北京   时事出版社  2013
页数: 261页
开本: 24cm
丛书名: 国际关系学术文丛
单 册:
中图分类: D80
科图分类:
主题词: 国际关系理论--Guo Ji Guan Xi Li Lun--研究
电子资源:
ISBN: 978-7-80232-650-7
000 01029nam0 22002771 450
001 350037
005 20161008163058.90
010    @a978-7-80232-650-7@dCNY58.00
100    @a20140103d2013 em y0chiy50 ea
101 0  @achi
102    @aCN@b110000
105    @ay z 000yy
106    @ar
200 1  @a突破与创新@ATu Po Yu Chuang Xin@e国际关系理论的新研究@f柳思思著
210    @a北京@c时事出版社@d2013
215    @a261页@d24cm
225 2  @a国际关系学术文丛@AGuo Ji Guan Xi Xue Shu Wen Cong
300    @a人才培养项目
330    @a本书分为“图破”与“创新”上下两篇,从自由主义、建构主义、政治心理学的不断突破到俄罗斯国际关系理论、中国学派的积极构建,作者视图在国际关系理论内部开辟新的研究领域、发现新的研究问题。
461  0 @12001 @a国际关系学术文丛
517 1  @a国际关系理论的新研究@AGuo Ji Guan Xi Li Lun De Xin Yan Jiu
606 0  @a国际关系理论@AGuo Ji Guan Xi Li Lun@x研究
690    @aD80@v5
701  0 @a柳思思@ALiu Si Si@c(国际政治)@4著
801  0 @aCN@bTANGWEI@20160802
905    @b0888010-4@dD80@e24@f5
    
    突破与创新:国际关系理论的新研究/柳思思著.-北京:时事出版社,2013
    261页;24cm.-(国际关系学术文丛)
    人才培养项目
    
    ISBN 978-7-80232-650-7:CNY58.00
    本书分为“图破”与“创新”上下两篇,从自由主义、建构主义、政治心理学的不断突破到俄罗斯国际关系理论、中国学派的积极构建,作者视图在国际关系理论内部开辟新的研究领域、发现新的研究问题。
●
相关链接 在E读中查询图书 在五车中查询图书 在当当中查询图书 在豆瓣中查询图书


正题名:突破与创新     索取号:D80/24         预约/预借

序号 登录号 条形码 馆藏地/架位号 状态 备注
1 0888010   208880102   第一样本阅览室/ [索取号:D80/24] 在馆    
2 0888011   208880111   第一借阅区/ [索取号:D80/24] 在馆    
3 0888012   208880120   第一借阅区/ [索取号:D80/24] 在馆    
4 0888013   208880139   第一借阅区/ [索取号:D80/24] 在馆    
5 0888014   208880148   第一借阅区/ [索取号:D80/24] 在馆    
唐山师范学院图书馆 欢迎您!
大连网信软件有限公司© 版权所有